Quick reference guide to accompany understanding and using wordperfect 6.1 for windows. / (Record no. 2481)

MARC details
000 -LEADER
fixed length control field 01087nam a22001697a 4500
008 - FIXED-LENGTH DATA ELEMENTS--GENERAL INFORMATION
fixed length control field 121101t xxu||||| |||| 00| 0 eng d
020 ## - INTERNATIONAL STANDARD BOOK NUMBER
International Standard Book Number 0256234132
050 ## - LIBRARY OF CONGRESS CALL NUMBER
Classification number Z52.5.W655.H38
100 ## - MAIN ENTRY--PERSONAL NAME
Personal name Henderson, Gloria
245 ## - TITLE STATEMENT
Title Quick reference guide to accompany understanding and using wordperfect 6.1 for windows. /
Statement of responsibility, etc. Gloria Henderson
260 ## - PUBLICATION, DISTRIBUTION, ETC.
Name of publisher, distributor, etc. TMHEG, Inc.
Date of publication, distribution, etc. c1997.
300 ## - PHYSICAL DESCRIPTION
Extent 29 p.:
Other physical details ill.;
Dimensions 27cm.
505 ## - FORMATTED CONTENTS NOTE
Formatted contents note Contents: Basic formatting: Line spacing -- Punctuation -- Word division -- Letters and envelopes: Block and modified-block letters -- Two-page letters -- AMS simplified letters -- Personal-business letters -- Envelopes -- Memos -- Minutes -- Newsletters -- Outlines -- Reports: Title page -- Table of contents -- Report format -- Quotes/ellipsis -- Footnotes and endnotes -- Bibliography -- Internal citations and references -- MLA (Modern Language Association) report style -- APA (American Psychological Association) report style -- Resumes -- Tabbed columns -- Tables.
650 ## - SUBJECT ADDED ENTRY--TOPICAL TERM
Topical term following geographic name entry element WordPerfect (Computer file)
650 ## - SUBJECT ADDED ENTRY--TOPICAL TERM
Topical term or geographic name entry element Word processing.
942 ## - ADDED ENTRY ELEMENTS (KOHA)
Source of classification or shelving scheme Library of Congress Classification
Koha item type Books
Holdings
Withdrawn status Lost status Source of classification or shelving scheme Damaged status Not for loan Home library Current library Shelving location Date acquired Total Checkouts Full call number Barcode Date last seen Copy number Price effective from Koha item type
    Library of Congress Classification     WISCONSIN INTERNATIONAL UNIVERSITY COLLEGE, GHANA - MAIN LIBRARY WISCONSIN INTERNATIONAL UNIVERSITY COLLEGE, GHANA - MAIN LIBRARY General Stacks 01/11/2012   Z52.5.W655.H381 5463/12 01/11/2012 1 01/11/2012 Books
    Library of Congress Classification     WISCONSIN INTERNATIONAL UNIVERSITY COLLEGE, GHANA - MAIN LIBRARY WISCONSIN INTERNATIONAL UNIVERSITY COLLEGE, GHANA - MAIN LIBRARY General Stacks 01/11/2012   Z52.5.W655.H38 6748/12 01/11/2012 2 01/11/2012 Books

If you have any concerns or questions; kindly contact the library


© Powered by WIUC ICT DIRECTORATE